History Quiz

Random History or Clickable Quiz

Click Your Rights! Quiz Stats

Quiz Updated Aug 20, 2012

Challenge
Share
Tweet
Embed
Score 0/10 Timer 02:00
0 Plays Today
% Correct
Free Speech
96.6%
Bear Arms
95.1%
Trial by Jury
94.7%
Free Assembly
93.1%
Free Press
92.2%
Speedy Trial
85.2%
Cruel and Unusual Punishment
80.9%
Unreasonable Searches
80.3%
Power Reserved to States
78.8%
Double Jeopardy
69.7%

You're not logged in!

Compare scores with friends on all Sporcle quizzes.
Sign Up with Email
OR
Log In

You Might Also Like...

Show Comments

Extras

Top Quizzes Today


Score Distribution

Your Account Isn't Verified!

In order to create a playlist on Sporcle, you need to verify the email address you used during registration. Go to your Sporcle Settings to finish the process.

Report this User

Report this user for behavior that violates our Community Guidelines.

Details: